| 000 | 00792nam a2200253Ia 4500 | ||
|---|---|---|---|
| 003 | OSt | ||
| 005 | 20220925223021.0 | ||
| 006 | a|||||r|||| 00| 0 | ||
| 007 | ta | ||
| 008 | 220923b |||||||| |||| 00| 0 eng d | ||
| 020 | _a0415067154 | ||
| 037 | _cGeneral Book | ||
| 040 |
_aRTL _cRTL _beng |
||
| 041 |
_2eng _aeng |
||
| 082 | _aX.30m73.N9, N2.1 | ||
| 100 |
_aCoats A W Bob _9288737 |
||
| 245 | 0 |
_aOn the history of economic thought _b BRITISH AND gAMERICAN economic essays 1V |
|
| 260 |
_aLondon _bRoutledge _c1992 |
||
| 300 |
_ax,495p. _ccm. |
||
| 490 | _vV 1: On the history of economic thought (459p) | ||
| 650 |
_aGreat Britain Economic Conditions _9237853 |
||
| 942 |
_hX.30m73.N9, N2.1 _cGB _2CC |
||
| 999 |
_c578379 _d578379 |
||